|
|
|
|
| LEADER |
00000naa2a2200000 4500 |
| 001 |
168473 |
| 005 |
20231031163123.0 |
| 035 |
|
|
|a (RuTPU)RU\TPU\book\182785
|
| 035 |
|
|
|a RU\TPU\book\182763
|
| 090 |
|
|
|a 168473
|
| 100 |
|
|
|a 20091028d1973 k y0rusy50 ca
|
| 101 |
0 |
|
|a rus
|
| 102 |
|
|
|a RU
|
| 200 |
1 |
|
|a Феноменологическая модель накопления и переноса объемного заряда в диэлектриках при зарядке быстрыми электронами
|f А. А. Воробьев, B. Н. Гусельников, О. Б. Евдокимов
|
| 461 |
|
1 |
|0 (RuTPU)RU\TPU\book\98022
|t Физика диэлектриков и перспективы ее развития
|o всесоюзная конференция, Ленинград, 22- 26 октября 1973 г.
|o в 3 томах
|f Физико-технический институт им. А. Ф. Иоффе; Институт химии силикатов; Ленинградский политехнический институт им. М. И. Калинина
|d 1973
|
| 463 |
|
0 |
|0 (RuTPU)RU\TPU\book\97795
|t Т. 2: Поляризация, электретный эффект. Старение и пробой диэлектриков
|v С. 166
|d 1973
|n [Б. и.]
|p 304 с.
|
| 610 |
1 |
|
|a труды учёных ТПУ
|
| 700 |
|
1 |
|a Воробьев
|b А. А.
|c российский физик
|c ректор Томского политехнического института, профессор
|f 1909-1981
|g Александр Акимович
|2 stltpush
|3 (RuTPU)RU\TPU\pers\12805
|4 070
|
| 701 |
|
1 |
|a Гусельников
|b B. Н.
|
| 701 |
|
1 |
|a Евдокимов
|b О. Б.
|
| 801 |
|
1 |
|a RU
|b 63413507
|c 20091028
|
| 801 |
|
2 |
|a RU
|b 63413507
|c 20171207
|g RCR
|
| 942 |
|
|
|c BK
|